International encyclopedia of election (Record no. 9661)

MARC details
000 -LEADER
fixed length control field 00398nam a2200145Ia 4500
020 ## - INTERNATIONAL STANDARD BOOK NUMBER
ISBN 0333927451
082 ## - DEWEY DECIMAL CLASSIFICATION NUMBER
Classification number RR 324.03 INT-
245 #0 - TITLE STATEMENT
Title International encyclopedia of election
260 ## - PUBLICATION, DISTRIBUTION, ETC. (IMPRINT)
Place of publication Basingstoke
Name of publisher MacMillan Reference Ltd.
Year of publication 2000
300 ## - PHYSICAL DESCRIPTION
Number of Pages xxii, 392
504 ## - BIBLIOGRAPHY, ETC. NOTE
Bibliography, etc includes appendix and bibliography
650 ## - SUBJECT ADDED ENTRY--TOPICAL TERM
Topical Term Elections
Form subdivision Encyclopedias
700 ## - ADDED ENTRY--PERSONAL NAME
Personal name Rose, Richard
942 ## - ADDED ENTRY ELEMENTS (KOHA)
Koha item type Books
Source of classification or shelving scheme Dewey Decimal Classification
Holdings
Withdrawn status Lost status Damaged status Not for loan Collection code Home library Current library Date acquired Bill Date Full call number Accession Number Price effective from Koha item type
        Docas Books NASSDOC Library NASSDOC Library 15/09/2016 2004-10-22 RR 324.03 INT- D000983 18/04/2019 Books